00526 2200205 4500001002100000005001500021035002000036007000300056008004100059020001500100082000800115084001400123100001900137245004400156250001100200260005400211300003300265990001000298990001200308INLIS00000000000630120210211033415 a0010-0221000065ta210211 g | ind  a9794206547 a551 a551 SUK g0 aSukandarrumidi1 aGeologi Mineral Logam /cSukandarrumidi aCet. 1 aYogyakarta :bGadjah Mada University Press,c2007 axii, 210 hlm ;c14,5 x 21 cm a13086 a13086 B